00803cam a22002531 4500001001300000003000400013005001700017008004100034010001700075025001900092040001800111043001200129050001500141082001400156100003700170245005900207250001400266260012500280300001900405350000900424651003200433710006700465999001700532sa 68003379 DLC20260227112452.0710903s1967 pk 000 0 eng  asa 68003379  aPL480:P-E-1268 aDLCcDLCdDLC aa-pk---00aDS382b.A400a320.9/5491 aAllana, G.q(Gulam),d1906-1985.10aPakistan movement;bhistoric documents,cby G. Allana. a[1st ed.] aKarachib[Published by Paradise Subscription Agency] for Dept. of International Relations, University of Karachic[1967] a467 p.c25 cm. aRs30 0aPakistanxHistoryxSources.2 aUniversity of Karachi.bDepartment of International Relations. c79436d79436